| 000 | 00836nam0a22002651 4500 | ||
|---|---|---|---|
| 001 | rc\4323760 | ||
| 005 | 20130416132300.0 | ||
| 021 |
_aRU _b[70-13038] |
||
| 035 | _a(NLR Aleph) 008513825 | ||
| 090 |
_a8185680 _c8185680 |
||
| 100 | _a20130416g19681969|||y0rusy50 ca | ||
| 101 | 0 | _arus | |
| 102 | _aRU | ||
| 105 | _aa z ||||| | ||
| 200 | 1 |
_aВведение в радиоспектроскопию _e[Конспект лекций] |
|
| 210 |
_aПермь _cБ. и. _d1968 [обл. 1969] |
||
| 215 |
_a212 с. _cчерт. _d22 |
||
| 320 | _aБиблиогр.: с. 211-212 (30 назв.) | ||
| 606 |
_aРадиоспектроскопия _2psbo |
||
| 700 | 1 |
_aГречишкин _bВ. С. _gВадим Сергеевич |
|
| 801 | 0 |
_aRU _bNLR _gpsbo |
|
| 801 | 1 |
_aRU _bELAR _2rusmarc |
|
| 852 |
_aNLR _j70-5/60 |
||
| 942 | _cBOOK | ||
| 980 | _aNB | ||